| 000 | 00479nam a2200181Ia 4500 | ||
|---|---|---|---|
| 005 | 20250508152911.0 | ||
| 008 | 008 250505s9999 xx 000 0 eng d | ||
| 037 | _aTextual | ||
| 040 |
_aFEDL _beng _cFEDL |
||
| 041 |
_aeng _2eng |
||
| 084 |
_a901, GAR _qFEDL |
||
| 100 | _aGardiner Patrick | ||
| 245 | 0 | _aTheories of history | |
| 260 |
_aGlencoe, Scotland _bhe Free Press _c1959 |
||
| 300 | _aix,549p. | ||
| 942 |
_cTEXL _h901, GAR |
||
| 999 |
_c1339496 _d1339496 |
||